Palinuro de México /
Gespeichert in:
| 1. Verfasser: | |
|---|---|
| Format: | Unbekannt |
| Sprache: | Spanish |
| Veröffentlicht: |
Caracas, Venezuela :
Editorial de la Universidad Simón Bolívar,
1990.
|
| Schriftenreihe: | (Colección Cuadernos USB, Series Literatura;
no. 2) |
| Schlagworte: | |
| Tags: |
Tag hinzufügen
Keine Tags, Fügen Sie den ersten Tag hinzu!
|
MARC
| LEADER | 000000000a22000000004500 | ||
|---|---|---|---|
| 001 | 003660 | ||
| 020 | |a 9802370363 | ||
| 041 | 0 | |a spa | |
| 082 | 0 | 4 | |a M863.6D |b P283b |
| 100 | 1 | |a Bendayán, Lilian | |
| 245 | 1 | 0 | |a Palinuro de México / |c Lilian Bendayán. |
| 260 | 1 | |a Caracas, Venezuela : |b Editorial de la Universidad Simón Bolívar, |c 1990. | |
| 300 | |a 70 páginas ; |c 21 cm. | ||
| 490 | 1 | |a (Colección Cuadernos USB, Series Literatura; |v no. 2) | |
| 650 | 4 | |a DEL PASO, FERNANDO, 1935- | |
| 650 | 4 | |a PALINURO DE MEXICO | |
| 650 | 4 | |a LITERATURA MEXICANA | |
| 650 | 4 | |a NOVELA | |
| 650 | 4 | |a HISTORIA Y CRITICA | |
| 999 | |c 10133 |d 10133 | ||
| 942 | |c BK |h M863.6D P283b |2 z | ||



